Oil, gas, coal & electricity

Na minha lista:
Detalhes bibliográficos
Formato: Periódico
Idioma:inglês
Publicado em: Paris OECD/IEA 2008
Assuntos:
Tags: Adicionar Tag
Sem tags, seja o primeiro a adicionar uma tag!

MARC

LEADER 00000nas2a2200000 4500
001 0147939
005 20120215100103.7
022 |a 1025-9988 
041 0 |a eng 
044 |a FR 
245 1 0 |a Oil, gas, coal & electricity 
264 1 |a Paris  |b OECD/IEA  |c 2008 
773 0 |w eu_un_cat*s124451 
610 2 0 |a štatistika medzinárodná 
610 2 0 |a plyn 
610 2 0 |a elektrina 
610 2 0 |a IEA 
610 2 0 |a oleje 
610 2 0 |a OECD publikácie